[Event "Chojnice op-B 2nd"]
[Site "Chojnice"]
[Date "2006.??.??"]
[Round "3"]
[White "Krauze, Hubert"]
[Black "Gasperski, Jozef"]
[Result "1-0"]
[WhiteElo "1915"]
[BlackElo "1800"]
[PlyCount "58"]
[EventDate "2006.07.??"]
[EventType "swiss"]
[EventRounds "9"]
[EventCountry "POL"]
[SourceTitle "EXT 2007"]
[Source "ChessBase"]
[SourceDate "2006.11.23"]
[SourceVersion "1"]
[SourceVersionDate "2006.11.23"]
[SourceQuality "1"]

1. d4 d5 2. c4 Nc6 3. Nf3 Bg4 4. e3 e6 5. Nc3 Bb4 6. cxd5 Qxd5 7. Be2 Nf6 8. a3 Bxc3+ 9. bxc3 0-0 10. h3 Bh5 11. c4 Qd6 12. 0-0 Ne4 13. Qc2 Bg6 14. Nh4 Nf6 15. Nxg6 fxg6 16. a4 Qd7 17. Ba3 Rf7 18. Rfd1 Ne7 19. Qb3 c6 20. Bf3 Rd8 21. a5 Qc7 22. Bc5 Qb8 23. Rdb1 Nd7 24. Bxe7 Rxe7 25. Qxb7 Rf7 26. Qxc6 Qc8 27. Qxe6 Rdf8 28. Qc6 Qd8 29. Bd5 Qh4 1-0

[Event "Chojnice op-B 2nd"]
[Site "Chojnice"]
[Date "2006.??.??"]
[Round "8"]
[White "Krauze, Hubert"]
[Black "Zimochocki, Roman"]
[Result "1-0"]
[WhiteElo "1915"]
[BlackElo "1881"]
[PlyCount "82"]
[EventDate "2006.07.??"]
[EventType "swiss"]
[EventRounds "9"]
[EventCountry "POL"]
[SourceTitle "EXT 2007"]
[Source "ChessBase"]
[SourceDate "2006.11.23"]
[SourceVersion "1"]
[SourceVersionDate "2006.11.23"]
[SourceQuality "1"]

1. d4 Nf6 2. c4 g6 3. Nc3 d6 4. e4 Bg7 5. Nf3 0-0 6. Be2 Nfd7 7. 0-0 Nc6 8. d5 Nce5 9. Nd4 Nf6 10. f4 Ned7 11. Kh1 c5 12. dxc6 bxc6 13. Nxc6 Qe8 14. Nd5 Nxd5 15. exd5 Nb6 16. Rb1 a5 17. b3 Bd7 18. Be3 Nc8 19. Bf3 Bf5 20. Rc1 Bb2 21. Bd4 Bxc1 22. Qxc1 f6 23. Qc3 Qd7 24. h3 h5 25. Nxa5 Bxh3 26. gxh3 Qxh3+ 27. Kg1 Qg3+ 28. Bg2 Qxc3 29. Bxc3 Nb6 30. Re1 Kf7 31. Re2 f5 32. Nc6 Rfe8 33. a4 Nd7 34. a5 Nc5 35. b4 Nd3 36. Rf2 Nxf2 37. Kxf2 Rec8 38. b5 Ke8 39. b6 Kd7 40. b7 Kc7 41. bxc8Q+ Rxc8 1-0